| 000 | 00983nam0a22002891 4500 | ||
|---|---|---|---|
| 001 | rc\2330068 | ||
| 005 | 20250623050320.0 | ||
| 035 | _a(NLR Aleph) 006582476 | ||
| 090 |
_a7060229 _c7060229 |
||
| 100 | _a20110829d1977 |||y0rusy50 ca | ||
| 101 | 0 | _arus | |
| 102 | _aRU | ||
| 105 | _aa z |||a| | ||
| 200 | 1 |
_aОтцовская рубашка _eСтихи _fИван Пиняев _g[Худож. И. Бяков] |
|
| 210 |
_aМосква _cСовременник _d1977 |
||
| 215 |
_a175 с. _cил. _d17 |
||
| 327 | 0 | _aЦиклы: Побратимы; По земле России; Чудо | |
| 464 | 0 |
_12001#$aПобратимы$aПо земле России$aЧудо _tЧудо |
|
| 700 | 1 |
_aПиняев _bИ.Д. _f1923- _gИван Данилович |
|
| 702 | 1 |
_aБяков _bИ. _4440 |
|
| 801 | 0 |
_aRU _bNLR _gpsbo |
|
| 801 | 1 |
_aRU _bELAR _2rusmarc |
|
| 852 |
_aNLR _j77-2/2956 |
||
| 899 |
_aRuMoRGB _jБ 77-43/193 |
||
| 899 |
_aRuMoRGB _jБ 77-43/194 |
||
| 942 | _cBOOK | ||
| 980 | _aNB | ||